00682nam a2200181Ia 450000500170000000800420001702000150005905000220007410000380009624501260013426000340026030000230029433600100031733700140032733800120034150501010035365000460045420231102151241.0120720s1987 mx 000 0 spa d a968401144X aKGF1292bS26 198710aSánchez León, Gregorioeautor aDerecho Mexicano de la Seguridad Socialb : Incluye derecho procesal en la seguridad socialc / Gregorio Sánchez León aMéxicob : Cardenasc, 1987 avii, 327 páginas atexto asin medio avolumen aDerecho sustantivo de la seguridad social Derecho fiscal de la seguridad social Derecho procesal14aSEGURIDAD SOCIALxLEGISLACIÓNzMÉXICO